| 000 | 00852cam a2200253 4500 | ||
|---|---|---|---|
| 001 | 12288 | ||
| 005 | 20230410120824.0 | ||
| 008 | 060907s1980 sp spa | ||
| 020 | _a8420629766 | ||
| 035 | _9funglode12386 | ||
| 041 | _aspa | ||
| 050 | 1 | 4 |
_aHX 36 _bK81p 1980 |
| 082 | 0 | 0 | _a335.42 |
| 100 | 1 |
_aKolakowski, Leszek, _d1927-2009 |
|
| 245 | 1 | 4 |
_aLas principales corrientes del marxismo : _bsu nacimiento, desarrollo y disolución / _cLeszek Kolakowski ; versión española de Jorge Vigil. |
| 260 |
_aMadrid : _bAlianza Editorial, _c1980 |
||
| 300 |
_a3 v. ; _c20 cm. |
||
| 490 | 0 |
_aAlianza universidad ; _v276, 314, 361 |
|
| 500 | _aTítulo original. : Glowne nurty marksizmu. | ||
| 505 | _av. 1 Los fundadores. -- v. 2 La edad de oro. -- v. 3 La crisis. | ||
| 650 | 4 | _aMarxismo. | |
| 700 | 1 |
_aVigil, Jorge, _etr. |
|
| 942 |
_2lcc _cbk |
||
| 999 |
_c52545 _d52545 |
||